000 00671nam a2200205Ia 4500
003 OSt
005 20260407155236.0
008 210210b1990 xxu||||| |||| 00| 0 eng d
040 _cAL
041 _aHindi
082 _aH891.9 SINP
100 _aSINHA (Surendrnath).
_dसिन्हा (सुरेंद्रनाथ)
_9260553
245 _aPrasad ke kavy aur natak darshanik stroth
_bप्रसाद के काव्य और नाटक दर्शनिक स्रोत
260 _aDilli
_bPandulipi Prakashan
_c1990
300 _a256
650 _aPrasad
_9260554
690 _aHindi Criticism
_9260555
906 _a061354
942 _2ddc
_cBK
999 _c108156
_d108156